| 000 | 00797nam a22002297a 4500 | ||
|---|---|---|---|
| 008 | 140126t2014 xxka frb 001 0 eng d | ||
| 020 | _a9781292025407 | ||
| 040 |
_aEG-ScBUE _beng _cEG-ScBUE _dEG-ScBUE |
||
| 082 | 0 | 4 |
_222 _a005.8 _bGOO |
| 100 | 1 |
_934928 _aGoodrich, Michael. |
|
| 245 | 1 | 0 |
_aIntroduction to computer security / _cMichael Goodrich, Roberto Tamassia. |
| 250 | _a1st ed., Pearson new international ed. | ||
| 260 |
_aHarlow : _bPearson Education Limited, _cc.2014. |
||
| 300 |
_a514 p. : _bill. ; _c28 cm. |
||
| 500 | _aIndex : p. 505-514. | ||
| 504 | _aBibliography : p. 499-504. | ||
| 650 | 7 |
_92637 _aComputer security. _2BUEsh |
|
| 651 | _2BUEsh | ||
| 653 |
_bCOMSCI _cJanuary2014 _cMarch2013 _cJanuary2017 |
||
| 700 | 1 |
_912919 _aTamassia, Roberto, _d1960- |
|
| 942 |
_2ddc _k005.8 GOO |
||
| 999 |
_c17964 _d17936 |
||